Žena povrazolezca (Record no. 21258)
[ view plain ]
| 000 -LEADER | |
|---|---|
| fixed length control field | 01706cam a2200457 a 4500 |
| 001 - CONTROL NUMBER | |
| control field | 21258 |
| 003 - CONTROL NUMBER IDENTIFIER | |
| control field | VRT |
| 005 - DATE AND TIME OF LATEST TRANSACTION | |
| control field | 20260225152511.0 |
| 008 - FIXED-LENGTH DATA ELEMENTS--GENERAL INFORMATION | |
| fixed length control field | 240318s2012 xo g 000 f slo |
| 015 ## - NATIONAL BIBLIOGRAPHY NUMBER | |
| National bibliography number | SNBA2013/06 |
| 020 ## - INTERNATIONAL STANDARD BOOK NUMBER | |
| International Standard Book Number | 9788055129655 |
| Qualifying information | (viaz.) |
| 035 ## - SYSTEM CONTROL NUMBER | |
| System control number | E3AA2872-9345-48A2-8A45-29949D2F2C06 |
| 035 ## - SYSTEM CONTROL NUMBER | |
| System control number | urn:nbn:sk:snk-amjlsx |
| 035 ## - SYSTEM CONTROL NUMBER | |
| System control number | urn:nbn:sk:snk-am002h3n |
| 039 #9 - LEVEL OF BIBLIOGRAPHIC CONTROL AND CODING DETAIL [OBSOLETE] | |
| Level of rules in bibliographic description | 202403181802 |
| Level of effort used to assign nonsubject heading access points | VLOAD |
| Level of effort used to assign subject headings | 202002091301 |
| Level of effort used to assign classification | AUTHORITY |
| Level of effort used to assign subject headings | 202002091252 |
| Level of effort used to assign classification | AUTHORITY |
| Level of effort used to assign subject headings | 201903272044 |
| Level of effort used to assign classification | csnk01 |
| 040 ## - CATALOGING SOURCE | |
| Original cataloging agency | PPPK |
| Language of cataloging | slo |
| Transcribing agency | PPPK |
| Modifying agency | SVKBB |
| -- | SNK |
| Description conventions | AACR2 |
| 041 0# - LANGUAGE CODE | |
| Language code of text/sound track or separate title | slo |
| Language code of original | ger |
| 044 ## - COUNTRY OF PUBLISHING/PRODUCING ENTITY CODE | |
| MARC country code | xo |
| ISO country code | SK |
| 072 #7 - SUBJECT CATEGORY CODE | |
| Subject category code | 821.112.2-3 |
| Subject category code subdivision | Nemecká próza, nemecky písaná |
| Source | konspekt |
| 080 ## - UNIVERSAL DECIMAL CLASSIFICATION NUMBER | |
| Universal Decimal Classification number | 821.112.2-31 |
| Edition identifier | 2001 |
| 080 ## - UNIVERSAL DECIMAL CLASSIFICATION NUMBER | |
| Universal Decimal Classification number | (0:82-311.6) |
| Edition identifier | 2001 |
| 100 1# - MAIN ENTRY--PERSONAL NAME | |
| Personal name | Vandenberg, Philipp, |
| Dates associated with a name | 1941- |
| Relationship | aut |
| 240 14 - UNIFORM TITLE | |
| Uniform title | Die Frau des Seiltänzers |
| Language of a work | Slovensky |
| 245 10 - TITLE STATEMENT | |
| Title | Žena povrazolezca |
| Statement of responsibility, etc. | Philipp Vandenberg ; [z nemeckého originálu preložil Platon Baker] |
| 260 ## - PUBLICATION, DISTRIBUTION, ETC. | |
| Place of publication, distribution, etc. | Bratislava |
| Name of publisher, distributor, etc. | Ikar |
| Date of publication, distribution, etc. | 2012 |
| 300 ## - PHYSICAL DESCRIPTION | |
| Extent | 382 s. |
| Dimensions | 21 cm |
| 655 #7 - INDEX TERM--GENRE/FORM | |
| Genre/form data or focus term | nemecké romány |
| Source of term | SNKPH |
| 655 #7 - INDEX TERM--GENRE/FORM | |
| Genre/form data or focus term | historické romány |
| Source of term | SNKPH |
| 655 #7 - INDEX TERM--GENRE/FORM | |
| Genre/form data or focus term | German fiction |
| Source of term | SNKPHeng |
| 655 #7 - INDEX TERM--GENRE/FORM | |
| Genre/form data or focus term | Historical novels |
| Source of term | SNKPHeng |
| 700 1# - ADDED ENTRY--PERSONAL NAME | |
| Personal name | Baker, Platon, |
| Dates associated with a name | 1952-2015 |
| Relationship | trl |
| 910 ## - USER-OPTION DATA (OCLC) | |
| User-option data | lmaosk |
| 942 ## - ADDED ENTRY ELEMENTS (KOHA) | |
| Source of classification or shelving scheme | Dewey Decimal Classification |
| Koha item type | Krásna literatúra pre dospelých |
| Suppress in OPAC | No |
| 949 ## - LOCAL PROCESSING INFORMATION (OCLC) | |
| 6 | 3869A17396 |
| a | bpksh821.112.2-31 |
| b | bpksh61674 |
| 949 ## - LOCAL PROCESSING INFORMATION (OCLC) | |
| 6 | 270001000403942 |
| a | svkbbA 136443 |
| b | svkbbm 731635 |
| 949 ## - LOCAL PROCESSING INFORMATION (OCLC) | |
| 6 | 2889194486 |
| a | savukPV 17233 |
| b | savuk2013/176 |
| 949 ## - LOCAL PROCESSING INFORMATION (OCLC) | |
| 6 | 17A1056376 |
| a | snkSC 151916 |
| b | snk2012/23280 |
| o | 2532/12 |
| 949 ## - LOCAL PROCESSING INFORMATION (OCLC) | |
| 6 | 273K0561591 |
| a | svkpoA 218411 |
| b | svkpo563647 |
| 949 ## - LOCAL PROCESSING INFORMATION (OCLC) | |
| 6 | 17A1061257 |
| a | snkSC 151916 D1 |
| b | snk2013/2759 |
| o | 2532/12 |
| s | 6100:20140925 |
| Stav vyradenia | Strata | Poškodenie | Spôsob nadobudnutia | Domovská knižnica | Aktuálna knižnica | Dátum nadobudnutia | Total checkouts | Čiarový kód exemplára | Date last seen | Typ exemplára |
|---|---|---|---|---|---|---|---|---|---|---|
| Dar | Obecná knižnica Folkušová | Obecná knižnica Folkušová | 25.02.2026 | 4734401018 | 25.02.2026 | Krásna literatúra pre dospelých |
